Bel-Ami

Na minha lista:
Detalhes bibliográficos
Autor principal: Maupassant, Guy de
Formato: Livro
Idioma:Undetermined
Publicado em: París, Francia Bookking International 1993
Assuntos:
Tags: Adicionar Tag
Sem tags, seja o primeiro a adicionar uma tag!

MARC

LEADER 00000nam a2200000Ia 4500
008 170316s9999 xx 000 0 und d
040 |a cru BVZT 
090 |a 840 M-14b 
100 |a Maupassant, Guy de 
245 |a Bel-Ami 
260 |a París, Francia 
260 |b Bookking International 
260 |c 1993 
300 |a 349 páginas 
650 |a LITERATURA FRANCESA 
999 |c 7780  |d 7780 
942 |c 15 D  |h 840 M-14b  |2 z